000 00375nam a2200121Ia 4500
008 220901s9999||||xx |||||||||||||| ||und||
082 _a004.165 KUM
100 _aKumar Jha, Vijay
245 0 _aInternational journal of embedded systems and communication systems
250 _aVol. 10 Issue 1 & 2
260 _bGlobal Research Publications
_c2020
650 _aEmbedded systems
999 _c194142
_d194142